000 00585nam a2200217Ia 4500
005 20250425162457.0
008 250425s9999 xx 000 0 und d
020 _a9780136072256
041 _aeng
082 _a005.86
100 _aSAVITCH, WALTER
245 0 _aJAVA AN INTRODUCTION TO PROBLEM SOLVING PROGRAMMING
250 _a5TH ED.
260 _aEstados Unidos
_bPEARSON EDUCATION
_c2009
260 _aUPPER SADDLE RIVER
300 _a899
650 _aJAVA (LENGUAJE DE PROGRAMACION)
650 _aPROGRAMACION ORIENTADA A OBJETOS
942 _c01
010 _a76634
999 _c230043
_d230043